000 00670nam a22001817a 4500
005 20240313121548.0
008 240313b |||||||| |||| 00| 0 eng d
020 _a9781859466285
041 _aEng.
082 _22nd Ed.
_a720.47
_bPAW
100 _aPawlyn M.
_9206073
245 _aBiomimicry in Architecture
260 _aLondon
_bRIBA Publishing
_c2016
300 _a164 p
_bPB
_c25 x 19 cm
365 _aINR
_b4047.80
_cRupaye
500 _a1) How can we build more efficient structures? 2) How will we manufacture materials? 3) How will we create zero-waste systems? 4) How will we manage water? 5) How will we control our thermal enviroment?
942 _cBK
999 _c357573
_d357573